| 000 | 00464cam a2200181ua 4500 | ||
|---|---|---|---|
| 020 | _c2.00 | ||
| 041 |
_aeng _h |
||
| 082 |
_a530.11 _bKAT/IN |
||
| 100 | _aKatz, Robert . | ||
| 245 |
_aIntroduction to the special theory of relativity / _cRobert Katz. _hTextual Documents |
||
| 250 |
_a1 / _b. |
||
| 260 |
_a : _bAffiliated East West Press Pvt Ltd , _c1966. |
||
| 300 | _a132 ; . | ||
| 365 | _a2.00 | ||
| 504 | _a | ||
| 942 | _cBK | ||
| 999 |
_c1553 _d1553 |
||